Systémové programovanie
Guardado en:
| Autor principal: | |
|---|---|
| Formato: | Libro |
| Lenguaje: | eslovaco |
| Publicado: |
Bratislava
Alfa
1979
|
| Colección: | Edícia teoretickej literatúry
|
| Etiquetas: |
Sin Etiquetas, Sea el primero en etiquetar este registro!
|
MARC
| LEADER | 00000nam a2200000 4500 | ||
|---|---|---|---|
| 001 | 0221867 | ||
| 005 | 20240822101659.4 | ||
| 041 | 0 | |a slo | |
| 044 | |a SK | ||
| 245 | 1 | 0 | |a Systémové programovanie |c John J. Donovan |
| 264 | 1 | |a Bratislava |b Alfa |c 1979 | |
| 300 | |a 383 s. | ||
| 490 | 1 | |a Edícia teoretickej literatúry | |
| 830 | 0 | |a Edícia teoretickej literatúry | |
| 100 | 1 | |a Donovan, John J. | |